000 00729nam a2200301Ia 4500
001 4145
008 191123s9999 xx 000 0 und d
041 _aspa
044 _aag
245 0 _aBonevardi.
260 _aBuenos Aires :
_bLa Galería,
_c1977.
300 _acarpeta
500 _aExposición realizada desde el 30 de agosto al 17 de setiembre de 1977
650 _aARGENTINA
650 _aBIOGRAFIAS
650 _aBONEVARDI, MARCELO,
650 _aDIBUJOS
650 _aEXPOSICIONES
710 _aGalería de Arte Imagen. Buenos Aires
902 _aM
903 _am
904 _am
907 _aImpreso
911 _a12 láminas b/n; 22 cm
912 _a1977
942 _cLIBRO
999 _c3226
_d3226